000 00777nam a2200289Ia 4500
005 20260324112658.0
008 008 260324s9999 xx 000 0 eng d
020 _a9781003376620
037 _aEBOOK
040 _aCRL
040 _beng
040 _cCRL
041 _2eng
041 _aeng
084 _qCRL
100 _aWasim Ahmed Khan; Khalid Rehman; Ghulam Hussain; Ghulam Abbas; Xiaoping Wang
_91143699
245 0 _aIntegration of Heterogeneous Manufacturing Machinery in Cells and Systems
245 0 _bPolicies and Practices
260 _bTaylor and Francis
260 _c2024
365 _a
365 _b275
856 _uhttp://www.taylorfrancis.com/books/9781003376620
942 _cEBOOK
999 _c1732993
_d1732993